Una metodología para la determinación de la capacidad sísmica de edificios existentes de concreto reforzado.
Wedi'i Gadw mewn:
| Prif Awdur: | |
|---|---|
| Fformat: | Llyfr |
| Cyhoeddwyd: |
San José, Costa Rica
1988
|
| Pynciau: | |
| Tagiau: |
Ychwanegu Tag
Dim Tagiau, Byddwch y cyntaf i dagio'r cofnod hwn!
|
MARC
| LEADER | 00000nam a2200000Ia 4500 | ||
|---|---|---|---|
| 003 | 004553 | ||
| 005 | 20221231144344.0 | ||
| 008 | 140114s1988 cr a m 000 ||s d | ||
| 040 | |c cru CEDI | ||
| 090 | |a TFG 2076 | ||
| 100 | |a Salazar Hidalgo, Luis A. |9 13634 | ||
| 245 | |a Una metodología para la determinación de la capacidad sísmica de edificios existentes de concreto reforzado. | ||
| 260 | |c 1988 |a San José, Costa Rica | ||
| 300 | |a v, [89] hojas : ilustraciones ; 28 cm | ||
| 500 | |a Proyecto de graduacion (licenciatura en ingeniería civil)--Universidad de Costa Rica. Facultad de Ingeniería. Escuela de Ingeniería Civil | ||
| 650 | |x CONSTRUCCIONES ANTISISMICAS |9 13635 | ||
| 942 | |c TFG | ||
| 999 | |c 20650 |d 20650 | ||
